00422nam a2200145Ia 4500008004100000040001300041100001100054100001900065245011000084260001400194260001000208260000900218300000700227700004200234180423s9999 xx 000 0 und d aPK-NaQUE a12ME07 aHaris Qureshi  0aCase Study of Coal Based Supercritical Technology for Power Generation At Jamshoro Thermal Power Station  aNawabshah bQUEST c2012 a57 aDepartment of Mechanical Engineering